| 000 | 00420nam a22001697a 4500 | ||
|---|---|---|---|
| 005 | 20160628145744.0 | ||
| 008 | 160628b xxu||||| |||| 00| 0 eng d | ||
| 020 | _a978-81-7223-652-6 | ||
| 041 | _aeng | ||
| 082 | _b10613 | ||
| 100 |
_aMani, Shashank _93092 |
||
| 245 | _aIndia, a journey through a healing civilization | ||
| 260 |
_bHarper Collins _c2007 |
||
| 300 | _a199 | ||
| 650 |
_aManagement _9241 |
||
| 942 | _cBK | ||
| 999 |
_c4490 _d4489 |
||